Statistics for National player's club: Hungary

Click here to take the quiz!

General Stats

  • This quiz has been taken 27 times
    (2 since last reset)
  • The average score is 16 of 25

Answer Stats

PositionPlayerCountryClub% Correct
MIDMilos KerkezEnglandBournemouth
100%
ATTBarnabás VargaHungaryFerencváros
100%
GKDénes DibuszHungaryFerencváros
100%
MIDDominik SzoboszlaiEnglandLiverpool
100%
DEFÁdám LangCyprusOmonia Nicosia
100%
DEFBotond BaloghItaly (2nd tier)Parma
100%
DEFWilli OrbánGermanyRB Leipzig
100%
GKPéter GulácsiGermanyRB Leipzig
100%
ATTMartin ÁdámSouth KoreaUlsan Hyundai
100%
GKBalázs TóthHungaryFehérvár
50%
MIDLászló KleinheislerCroatiaHajduk Split
50%
DEFMárton DárdaiGermany (2nd tier)Hertha BSC
50%
DEFGábor SzalaiSwitzerlandLausanne
50%
MIDLoïc NegoFranceLe Havre
50%
MIDDániel GazdagUSAPhiladelphia Union
50%
MIDZsolt NagyHungaryPuskás Akadémia
50%
DEFAttila MocsiTurkeyRizespor
50%
DEFAttila SzalaiGermanySC Freiburg
50%
ATTRoland SallaiGermanySC Freiburg
50%
MIDBendegúz BollaSwitzerlandServette
50%
MIDÁdám NagyItaly (2nd tier)Spezia
50%
MIDCallum StylesEngland (2nd tier)Sunderland
50%
MIDAndrás SchäferGermanyUnion Berlin
50%
ATTKrisztofer HorváthHungaryKecskemét
0%
ATTZalán VancsaBelgium (2nd tier)Lommel
0%

Score Distribution

Percentile by Number Answered

Percent of People with Each Score

Your Score History

You have not taken this quiz since the last reset